Langues au Concours Eurovision de la chanson junior (2003-2024) - Statistiques

Statistiques générales
  • Ce quiz a été pris 71 fois
  • Le résultat moyen est 31 sur 36
Statistiques - réponses
Hint Réponse % Correct
Royaume-Uni Anglais
100%
France Français
100%
Espagne Espagnol
98%
Pologne Polonais
98%
Portugal Portugais
98%
Ukraine Ukrainien
98%
Irlande Irlandais
97%
Roumanie Roumain
97%
Suède Suédois
97%
Croatie Croate
95%
Danemark Danois
95%
Biélorussie Russe
95%
Serbie-et-Monténégro Serbe
95%
Arménie Arménien
93%
Estonie Estonien
93%
Grèce Grec
93%
Norvège Norvégien
93%
Bulgarie Bulgare
91%
Géorgie Géorgien
91%
Lettonie Letton
91%
Belgique Néerlandais
88%
Pays-Bas Néerlandais
88%
Albanie Albanais
86%
BIélorussie Biélorusse
86%
Lituanie Lituanien
86%
Slovénie Slovène
84%
Macédoine Macédonien
83%
Malte Maltais
81%
Israël Hébreu
79%
Pays de Galles Gallois
78%
Serbie Allemand
74%
Suisse Italien
74%
Kazakhstan Kazakh
72%
Monténégro Monténégrin
69%
Azerbaïdjan Azéri
60%
Serbie Japonais
9%
Aucun quiz correspondant
Distribution des résultats
% des personnes avec chaque résultat
Percentile par nombre de réponses
Votre historique - résultats
Vous n’avez pas pris ce quiz